000 00667nam a22002177a 4500
003 LK-CoDNM
005 20241002143119.0
008 241002b |||||||| |||| 00| 0 eng d
040 _aLK-CoDNM
_dLK-CoDNM
_eLK-CoDNM
041 _aeng
080 _a104
_bNN14
245 _aReport of the superintendent, Archaeological survey Burma
250 _aFor the year ending 31st March 1914
260 _aBurma
_bGovernment printer
_c1914
300 _b48p. : ill , map ; 30 cm
650 _aReport of the superintendent, Archaeological survey Burma
650 _aFor the year ending 31st March 1913
650 _aArchaeological
650 _a104 NN14
942 _cBK
999 _c217346
_d217346